ՀՀ Գիտությունների ազգային ակադեմիայի հիմնարար գիտական գրադարան  =   Fundamental Scientific Library of NAS RA

Արևելահայերենի և արևմտահայերենի բառապաշարային առանձնահատկությունները : (Record no. 153291)

MARC details
000 -LEADER
fixed length control field 01062nam a2200241 u 4500
001 - CONTROL NUMBER
control field 000403869
003 - CONTROL NUMBER IDENTIFIER
control field AM-YeHGA
005 - DATE AND TIME OF LATEST TRANSACTION
control field 20250617132546.0
008 - FIXED-LENGTH DATA ELEMENTS--GENERAL INFORMATION
fixed length control field 050119s2004 ai r 000 0 arm d
020 ## - INTERNATIONAL STANDARD BOOK NUMBER
International Standard Book Number 5808405890
040 ## - CATALOGING SOURCE
Original cataloging agency AM-YeHGA
041 0# - LANGUAGE CODE
Language code of text/sound track or separate title arm
090 ## - LOCALLY ASSIGNED LC-TYPE CALL NUMBER (OCLC); LOCAL CALL NUMBER (RLIN)
-- 154687
245 10 - TITLE STATEMENT
Title Արևելահայերենի և արևմտահայերենի բառապաշարային առանձնահատկությունները :
Remainder of title Զուգադրական քննություն /
Statement of responsibility, etc. Ռ.Կ. Սաքապետոյան; Խմբ.՝ Ս. Գալստյան.
260 ## - PUBLICATION, DISTRIBUTION, ETC.
Place of publication, distribution, etc. Երևան :
Name of publisher, distributor, etc. Երևանի համալս. հրատ.,
Date of publication, distribution, etc. 2004.
300 ## - PHYSICAL DESCRIPTION
Extent 232 էջ :
Other physical details աղս. ;
Dimensions 21 սմ.
500 ## - GENERAL NOTE
General note Համառոտագր. ցանկ՝ էջ 228
504 ## - BIBLIOGRAPHY, ETC. NOTE
Bibliography, etc. note Մատենագիտ.՝ էջ 223-227 (116 անուն) և տողատակի ծանոթագր.
650 14 - SUBJECT ADDED ENTRY--TOPICAL TERM
Topical term or geographic name entry element Լեզվաբանություն
General subdivision Հայոց լեզու
653 0# - INDEX TERM--UNCONTROLLED
Uncontrolled term Արևելահայերեն
653 0# - INDEX TERM--UNCONTROLLED
Uncontrolled term Արևմտահայերեն
700 1# - ADDED ENTRY--PERSONAL NAME
Personal name Գալստյան, Սերգեյ Աշոտի,
Dates associated with a name 1929-
Relator term խմբ.
Relationship edt
Holdings
Withdrawn status Lost status Damaged status Not for loan Collection Home library Current library Date acquired Total checkouts Full call number Barcode Date last seen Price effective from Koha item type Public note
        General Fundamental Scientific Library Fundamental Scientific Library 28/12/2016   AII/90015 220090015 28/12/2016 28/12/2016 Գրքեր / Books 30 Days Loan


ՀՀ ԳԱԱ հիմնարար գիտական գրադարան
ՀՀ,Երևան 0019
Մարշալ Բաղրամյան 24/6
հեռախոս:(374-10) 52-47-50
Հետադարձ կապ

All site content, except where otherwise noted, is licensed under a
Creative Commons License